00904 a2200217 45000010006000000050017000060080041000230030015000640400040000790800038001192450097001572640051002543000019003055050221003240410008005451000037005537000023005907000024006137000021006377000028006582871320260407155557.0260407a1972 arg spa dAR-UNSa-BCEJYS aAR-UNSa-BCEJYSbspacAR-UNSa-BCEJYS a314.82xIncremento de población10aLos límites del crecimientopinforme al Club de Roma sobre el predicamento de la humanidad 1aMéxico :bFondo de Cultura Económicac1972 a253 p.c17 cm. a1. Naturaleza del crecimiento exponencial - 2. Los límites del crecimiento exponencial - 3. El crecimiento en el sistema mundial - 4. La técnica y los límites del crecimiento - 5. El estado de equilibrio global aspa1 aLoaeza de Graue, María Soledad1 aMeadows, Dennis L.1 aMeadows, Donella H.1 aRanders, Jørgen1 aBehrens III, William W.